000 00604nam a22001937a 4500
005 20251108164215.0
008 250721s1999 xx 000 0 ara d
082 1 4 _a216.5/قطا
100 1 _aالقطارنة، علي مفلح
245 1 0 _aفقه الأسرة و أثره في السلام البيتي في الإسلام :
_bالتكافل العائلي /
264 1 _aعمان :
_c1999.
300 _a270ص.
650 1 7 _aالإسلام
650 1 7 _aالفقه الإسلامي
650 1 7 _aالحقوق الأسرية
650 1 7 _aالتكافل
942 _2ddc
_cBK
999 _c6371
_d6371